Bevölkerungsreichste Länder in Europa - Sudden Death - Statistiken

Allgemein
  • Dieses Quiz wurde 80 mal gespielt
  • Das Durchschnittsergebnis liegt bei 12 aus 18
Answers on the Grid
Answers color-coded by a green-red scale on the quiz's grid according to % correct below.
Albanien
Belgien
Bulgarien
Dänemark
Deutschland
Finnland
Frankreich
Griechenland
Irland
Italien
Litauen
Luxemburg
Malta
Monaco
Niederlande
Norwegen
Österreich
Polen
Portugal
Rumänien
Russland
Schweden
Schweiz
Serbien
Slowakei
Spanien
Tschechien
Ukraine
Ungarn
Vereinigtes Königreich
 
Antwortstatistiken
Antwort % Korrekt
83.7 mio Deutschland
97%
70.4 mio Vereinigtes Königreich
97%
69.3 mio Frankreich
96%
143 mio Russland
94%
59.0 mio Italien
91%
47.9 mio Spanien
91%
39.6 mio Ukraine
85%
37.9 mio Polen
84%
18.6 mio Niederlande
72%
18.8 mio Rumänien
70%
9.90 mio Griechenland
52%
10.4 mio Portugal
49%
9.59 mio Ungarn
49%
10.7 mio Schweden
48%
10.5 mio Tschechien
43%
9.11 mio Österreich
40%
11.8 mio Belgien
39%
9.00 mio Schweiz
22%
Keine übereinstimmenden Quizze gefunden
Verteilung der Resultate
Anzahl Personen mit jedem Resultat
Perzentil nach korrekt beantworteten Fragen
Ihre Resultats-Entwicklung
Sie haben dieses Quiz noch nicht gespielt